[Event "Avoine op 33rd"]
[Site "Avoine"]
[Date "2018.07.25"]
[Round "5"]
[White "Serralta, Michel"]
[Black "Retailleau, Elise"]
[Result "1/2-1/2"]
[WhiteElo "2126"]
[BlackElo "1901"]
[PlyCount "58"]
[EventDate "2018.07.21"]
[EventType "swiss"]
[EventRounds "9"]
[EventCountry "FRA"]
[SourceTitle "CBM 185 Extra"]
[Source "ChessBase"]
[SourceDate "2018.07.29"]
[SourceVersion "1"]
[SourceVersionDate "2018.07.29"]
[SourceQuality "1"]

1. d4 d5 2. c4 e6 3. Nc3 Nf6 4. Bg5 Nbd7 5. e3 Be7 6. Nf3 0-0 7. Bd3 dxc4 8. Bxc4 c5 9. 0-0 a6 10. a4 b6 11. Qe2 Bb7 12. Rfd1 Qc7 13. e4 cxd4 14. Nxd4 Bb4 15. f3 Rfc8 16. Ba2 Bxc3 17. bxc3 Qxc3 18. Rac1 Qa5 19. Rxc8+ Rxc8 20. Bxf6 Nxf6 21. Nxe6 Re8 22. Nd8 Bd5 23. Bxd5 Nxd5 24. Qc4 Rxd8 25. exd5 Qc5+ 26. Qxc5 bxc5 27. Kf2 Kf8 28. Ke3 Ke7 29. Ke4 Kd6 1/2-1/2

[Event "FRA-ch U20 Girls"]
[Site "Agen"]
[Date "2018.04.22"]
[Round "9"]
[White "Haussernot, Cecile"]
[Black "Retailleau, Elise"]
[Result "1-0"]
[WhiteElo "2165"]
[BlackElo "1932"]
[PlyCount "97"]
[EventDate "2018.04.15"]
[EventType "swiss"]
[EventRounds "9"]
[EventCountry "FRA"]
[SourceTitle "CBM 184 Extra"]
[Source "ChessBase"]
[SourceDate "2018.06.28"]
[SourceVersion "1"]
[SourceVersionDate "2018.06.28"]
[SourceQuality "1"]

1. e4 c5 2. Nf3 Nc6 3. Bb5 d6 4. 0-0 Bd7 5. Re1 a6 6. Bc4 Bg4 7. Bxf7+ Kxf7 8. Ng5+ Ke8 9. Qxg4 Qc8 10. Qg3 h6 11. Nh3 e6 12. Nf4 Nge7 13. a4 Qd7 14. a5 Kd8 15. Nc3 g5 16. Nh5 Ng6 17. Na4 Qf7 18. Qb3 Nd4 19. Qb6+ Qc7 20. b4 Nxc2 21. Bb2 e5 22. bxc5 Qxb6 23. Nxb6 Rb8 24. Nf6 Ke7 25. Nfd7 Rd8 26. cxd6+ Kxd6 27. Nxf8 Nxf8 28. Nc4+ Ke6 29. Bxe5 Rh7 30. d4 Nxa1 31. d5+ Ke7 32. Rxa1 Nd7 33. Bd6+ Ke8 34. e5 Nxe5 35. Bxe5 Rxd5 36. g3 Re7 37. f4 Re6 38. Kf2 Rc6 39. Ne3 Rd2+ 40. Kf3 Rxh2 41. Rb1 gxf4 42. gxf4 Ra2 43. Rxb7 Rxa5 44. Nf5 Ra3+ 45. Ke4 Ra5 46. Nd6+ Kf8 47. Rd7 h5 48. Kf5 Rb6 49. Nc4 1-0

[Event "Sautron op 16th"]
[Site "Sautron"]
[Date "2016.10.29"]
[Round "9.31"]
[White "Bihari, Pascal"]
[Black "Retailleau, Elise"]
[Result "0-1"]
[WhiteElo "1729"]
[BlackElo "2010"]
[PlyCount "56"]
[EventDate "2016.10.22"]
[EventType "swiss"]
[EventRounds "9"]
[EventCountry "FRA"]
[SourceTitle "EXT 2019"]
[Source "ChessBase"]
[SourceDate "2018.10.10"]
[SourceVersion "1"]
[SourceVersionDate "2018.10.10"]
[SourceQuality "1"]

1. e4 c5 2. Nf3 Nc6 3. d4 cxd4 4. Nxd4 e5 5. Nb5 d6 6. N1c3 a6 7. Na3 b5 8. Nd5 Nge7 9. Be3 Nxd5 10. Qxd5 Bb7 11. Qd1 Be7 12. Bd3 Bg5 13. Qd2 Bxe3 14. Qxe3 0-0 15. 0-0 d5 16. Rad1 d4 17. Qg3 Qe7 18. f4 f6 19. Nb1 Rfd8 20. Nd2 Rac8 21. a3 Na5 22. Nf3 exf4 23. Qxf4 Nc4 24. Qh4 Nxb2 25. e5 Nxd3 26. exf6 Qxf6 27. Qxf6 gxf6 28. Rxd3 Rxc2 0-1

[Event "Sautron op 16th"]
[Site "Sautron"]
[Date "2016.10.23"]
[Round "2.26"]
[White "Retailleau, Elise"]
[Black "Genereau, Thierry"]
[Result "1/2-1/2"]
[WhiteElo "2010"]
[BlackElo "1857"]
[PlyCount "86"]
[EventDate "2016.10.22"]
[EventType "swiss"]
[EventRounds "9"]
[EventCountry "FRA"]
[SourceTitle "EXT 2019"]
[Source "ChessBase"]
[SourceDate "2018.10.10"]
[SourceVersion "1"]
[SourceVersionDate "2018.10.10"]
[SourceQuality "1"]

1. e4 e6 2. d4 d5 3. Nd2 c5 4. exd5 Qxd5 5. Ngf3 cxd4 6. Bc4 Qd6 7. 0-0 Nf6 8. Nb3 Nc6 9. Nbxd4 Nxd4 10. Nxd4 a6 11. Bg5 Be7 12. Bb3 0-0 13. Re1 Rd8 14. c3 Qc5 15. Be3 e5 16. Ne6 Bxe6 17. Bxc5 Rxd1 18. Bxe7 Rxa1 19. Rxa1 Bxb3 20. axb3 Re8 21. Bd6 Ne4 22. Bc7 Nc5 23. Re1 Nxb3 24. Rxe5 Rxe5 25. Bxe5 f6 26. Bd6 Kf7 27. Kf1 Nd2+ 28. Ke2 Nc4 29. Ba3 Nxa3 30. bxa3 Ke6 31. Kd3 Kd5 32. c4+ Kc5 33. Kc3 f5 34. g3 g5 35. h3 h5 36. f3 b5 37. cxb5 Kxb5 38. Kb3 Kc5 39. Kc3 Kd5 40. Kd3 a5 41. h4 f4 42. hxg5 fxg3 43. Ke2 Ke5 1/2-1/2

[Event "FRA-ch U18 Girls"]
[Site "Gonfreville"]
[Date "2016.??.??"]
[Round "2"]
[White "Retailleau, Elise"]
[Black "Haussernot, Cecile"]
[Result "0-1"]
[WhiteElo "1803"]
[BlackElo "2190"]
[PlyCount "63"]
[EventDate "2016.04.22"]
[EventType "swiss"]
[EventRounds "9"]
[EventCountry "FRA"]
[SourceTitle "EXT 2019"]
[Source "ChessBase"]
[SourceDate "2018.10.10"]
[SourceVersion "1"]
[SourceVersionDate "2018.10.10"]
[SourceQuality "1"]

1. e4 c5 2. Nf3 d6 3. d4 cxd4 4. Nxd4 Nf6 5. Nc3 a6 6. f3 e5 7. Nb3 Be7 8. Be3 Be6 9. Qd2 Nbd7 10. 0-0-0 b5 11. g4 Nb6 12. g5 Nfd7 13. Kb1 0-0 14. h4 Qc7 15. h5 b4 16. Nd5 Nxd5 17. exd5 Bf5 18. g6 Nb6 19. gxh7+ Kxh7 20. Bd3 Bxd3 21. Qxd3+ f5 22. f4 Nc4 23. Bc1 Rac8 24. Rh2 exf4 25. Bxf4 Bf6 26. Bc1 Be5 27. Rg2 Qf7 28. Rdg1 a5 29. Rg6 a4 30. Nd2 Nb6 31. Nf3 Qxd5 32. Qd1 0-1

[Event "Sautron op 15th"]
[Site "Sautron"]
[Date "2015.10.23"]
[Round "5.12"]
[White "Hutois, Mickael"]
[Black "Retailleau, Elise"]
[Result "1-0"]
[WhiteElo "2263"]
[BlackElo "1804"]
[PlyCount "63"]
[EventDate "2015.10.24"]
[EventType "swiss"]
[EventRounds "9"]
[EventCountry "FRA"]
[SourceTitle "EXT 2019"]
[Source "ChessBase"]
[SourceDate "2018.10.10"]
[SourceVersion "1"]
[SourceVersionDate "2018.10.10"]
[SourceQuality "1"]

1. e4 c5 2. Nf3 d6 3. g3 Nc6 4. Bg2 Nf6 5. d3 g6 6. 0-0 Bg7 7. c3 0-0 8. Nbd2 Qc7 9. Qe2 Rd8 10. d4 cxd4 11. cxd4 Rb8 12. b3 Bg4 13. Bb2 Qd7 14. Rfe1 Rbc8 15. a3 Na5 16. Qd3 a6 17. b4 Nc6 18. Qf1 Qe8 19. h3 Bd7 20. Qd3 Na7 21. Qe3 Rc2 22. Reb1 Rdc8 23. Ne1 Rxb2 24. Rxb2 Ba4 25. Rbb1 Nb5 26. Rc1 Nd7 27. Nef3 Nb8 28. Nc4 Qd8 29. Nb2 Bc2 30. a4 Na7 31. Ne1 Bxa4 32. Nxa4 1-0

[Event "FRA-chT U16"]
[Site "Dieppe"]
[Date "2015.05.24"]
[Round "2.2"]
[White "Retailleau, Elise"]
[Black "Broly, Mathilde"]
[Result "0-1"]
[WhiteElo "1654"]
[BlackElo "1905"]
[PlyCount "116"]
[EventDate "2015.05.??"]
[EventType "team-tourn"]
[EventRounds "6"]
[EventCountry "FRA"]
[SourceTitle "EXT 2016"]
[Source "ChessBase"]
[SourceDate "2015.10.08"]
[SourceVersion "1"]
[SourceVersionDate "2015.10.08"]
[SourceQuality "1"]

1. e4 e5 2. Nf3 Nc6 3. d4 exd4 4. Nxd4 Nf6 5. Nxc6 bxc6 6. e5 Qe7 7. Qe2 Nd5 8. c4 Ba6 9. Nd2 Nf4 10. Qe3 Ne6 11. Bd3 Bb7 12. 0-0 f6 13. Re1 Qc5 14. Qf3 0-0-0 15. Nb3 Nd4 16. Qd1 Nxb3 17. axb3 Qb6 18. Be3 Bc5 19. Qc2 fxe5 20. b4 Bd4 21. Qa4 c5 22. bxc5 Qxc5 23. b4 Qc6 24. Qxc6 Bxc6 25. Bxd4 exd4 26. Rxa7 Rhe8 27. Rd1 h6 28. Kf1 Re6 29. Be2 Kb8 30. Rda1 Rde8 31. Bg4 R6e7 32. Bh5 Re1+ 33. Rxe1 Rxe1+ 34. Kxe1 Kxa7 35. g3 Kb6 36. Kd2 Be4 37. Be2 c5 38. b5 Ka5 39. Bd3 Bf3 40. Be2 Bb7 41. f4 Be4 42. g4 d5 43. h4 dxc4 44. Bxc4 Kb4 45. Bf1 c4 46. b6 Kb3 47. g5 hxg5 48. fxg5 Kb4 49. h5 c3+ 50. Kc1 Kc5 51. h6 gxh6 52. b7 Bxb7 53. gxh6 Be4 54. Be2 d3 55. Bf3 Bh7 56. Bg4 Kd4 57. Bd7 Ke3 58. Ba4 Ke2 0-1

[Event "Sautron op (Women)"]
[Site "Sautron"]
[Date "2013.05.10"]
[Round "4"]
[White "Retailleau, Elise"]
[Black "Retailleau, Anne"]
[Result "1-0"]
[WhiteElo "1484"]
[BlackElo "1340"]
[PlyCount "85"]
[EventDate "2013.05.08"]
[EventType "swiss"]
[EventRounds "6"]
[EventCountry "FRA"]
[SourceTitle "EXT 2014"]
[Source "ChessBase"]
[SourceDate "2013.11.20"]
[SourceVersion "1"]
[SourceVersionDate "2013.11.20"]
[SourceQuality "1"]

1. e4 c5 2. d4 cxd4 3. Qxd4 Nc6 4. Qd1 d6 5. Nc3 Nf6 6. Nf3 g6 7. Bf4 Bg4 8. h3 Bxf3 9. Qxf3 e5 10. Bg5 Bg7 11. Nd5 Nd4 12. Qd1 0-0 13. c3 Ne6 14. Nxf6+ Bxf6 15. Be3 a6 16. Bc4 Qd7 17. Qd2 Rac8 18. Bb3 b5 19. 0-0 Rfd8 20. Rfd1 Nc5 21. Bd5 Ne6 22. Rac1 Qe7 23. c4 Bg5 24. cxb5 Bxe3 25. Qxe3 axb5 26. Bxe6 Qxe6 27. a3 Ra8 28. Rc6 b4 29. axb4 Rab8 30. Qc3 Kg7 31. Rd5 f5 32. f4 Kf6 33. fxe5+ Kg5 34. exd6 Qxe4 35. Rc4 Qxd5 36. Rd4 Qe5 37. d7 Rxd7 38. Qd2+ Kf6 39. Rxd7 Rxb4 40. Qxb4 Qe3+ 41. Kf1 Qc1+ 42. Qe1 Qc6 43. Qe7# 1-0

[Event "Sautron op (Women)"]
[Site "Sautron"]
[Date "2013.05.09"]
[Round "3"]
[White "Ruhlmann, Helene"]
[Black "Retailleau, Elise"]
[Result "1-0"]
[WhiteElo "1799"]
[BlackElo "1484"]
[PlyCount "59"]
[EventDate "2013.05.08"]
[EventType "swiss"]
[EventRounds "6"]
[EventCountry "FRA"]
[SourceTitle "EXT 2014"]
[Source "ChessBase"]
[SourceDate "2013.11.20"]
[SourceVersion "1"]
[SourceVersionDate "2013.11.20"]
[SourceQuality "1"]

1. Nf3 Nf6 2. d4 d5 3. c4 e6 4. Bg5 Be7 5. Nc3 0-0 6. e3 Nbd7 7. cxd5 exd5 8. Bd3 b6 9. Qc2 Bb7 10. 0-0 c5 11. Rac1 Ne4 12. Bf4 Ndf6 13. dxc5 bxc5 14. Rfd1 Qb6 15. Bxe4 dxe4 16. Nd2 Qe6 17. Nb5 Nd5 18. Bg3 f5 19. Qb3 Kh8 20. Nc3 Qc6 21. Nc4 Nb6 22. Ne5 Qe8 23. Ne2 Rc8 24. Nf4 Bf6 25. Nc4 Qf7 26. Nd6 Qxb3 27. axb3 Rc7 28. Ne6 Re7 29. Nxf8 Bd5 30. Nc4 1-0

[Event "Sautron op (Women)"]
[Site "Sautron"]
[Date "2013.05.08"]
[Round "1"]
[White "Navrotescu, Andreea Cristiana"]
[Black "Retailleau, Elise"]
[Result "1-0"]
[WhiteElo "2104"]
[BlackElo "1484"]
[PlyCount "61"]
[EventDate "2013.05.08"]
[EventType "swiss"]
[EventRounds "6"]
[EventCountry "FRA"]
[SourceTitle "EXT 2014"]
[Source "ChessBase"]
[SourceDate "2013.11.20"]
[SourceVersion "1"]
[SourceVersionDate "2013.11.20"]
[SourceQuality "1"]

1. d4 d5 2. c4 e6 3. Nf3 Nf6 4. g3 Be7 5. Bg2 0-0 6. 0-0 b6 7. Nc3 Bb7 8. Ne5 c5 9. dxc5 bxc5 10. cxd5 exd5 11. Qb3 Nbd7 12. Qxb7 Nxe5 13. Nxd5 Nxd5 14. Qxd5 Qc7 15. Bf4 Bf6 16. Rac1 Rac8 17. b3 Rfd8 18. Qe4 Qe7 19. Rc2 Re8 20. Rfc1 a5 21. Qa4 Qa7 22. Rxc5 Rcd8 23. Qxa5 Qb8 24. Qc7 Qxc7 25. Rxc7 Rb8 26. Rb7 Ra8 27. a4 Red8 28. h3 h6 29. Rcc7 Rf8 30. Rb5 Rae8 31. a5 1-0

[Event "FRA-ch U14 Girls"]
[Site "Saint Paul Trois Chateaux"]
[Date "2013.05.05"]
[Round "8"]
[White "Retailleau, Elise"]
[Black "Mutlu, Saliha Sultan"]
[Result "1-0"]
[WhiteElo "1474"]
[BlackElo "1360"]
[PlyCount "75"]
[EventDate "2013.04.28"]
[EventType "swiss"]
[EventRounds "9"]
[EventCountry "FRA"]
[SourceTitle "CBM 154 Extra"]
[Source "ChessBase"]
[SourceDate "2013.06.25"]
[SourceVersion "2"]
[SourceVersionDate "2013.06.25"]
[SourceQuality "1"]

1. e4 e5 2. Nf3 Nc6 3. Bc4 Nf6 4. d3 Bc5 5. 0-0 d6 6. c3 Bg4 7. Re1 h6 8. Nbd2 0-0 9. Nf1 Qd7 10. Ng3 Ne7 11. h3 Bxh3 12. gxh3 Qxh3 13. d4 exd4 14. Bf1 Qg4 15. cxd4 Bb6 16. Bg2 c6 17. Qd3 Rfe8 18. Kh2 Qg6 19. Bd2 c5 20. Bc3 d5 21. Rad1 dxe4 22. Nxe4 Bc7+ 23. Ng3 Nf5 24. Ne5 Bxe5 25. dxe5 Ng4+ 26. Kg1 Nxg3 27. Qxg6 fxg6 28. fxg3 h5 29. Bxb7 Rad8 30. e6 Rxd1 31. Rxd1 Ne3 32. Re1 Nf5 33. Kg2 Nd6 34. Bd5 Kh7 35. b4 Nb5 36. Bc6 Rb8 37. Bxb5 Rxb5 38. e7 1-0

[Event "Rohde op 12th"]
[Site "Sautron"]
[Date "2012.11.??"]
[Round "8"]
[White "Retailleau, Elise"]
[Black "Julien, Jules Alois"]
[Result "0-1"]
[WhiteElo "1474"]
[BlackElo "1911"]
[PlyCount "42"]
[EventDate "2012.10.27"]
[EventType "swiss"]
[EventRounds "9"]
[EventCountry "FRA"]
[SourceTitle "EXT 2014"]
[Source "ChessBase"]
[SourceDate "2013.11.20"]
[SourceVersion "1"]
[SourceVersionDate "2013.11.20"]
[SourceQuality "1"]

1. e4 c5 2. Nf3 Nc6 3. d4 cxd4 4. Nxd4 e6 5. c4 Be7 6. Nc3 d6 7. Be2 Nf6 8. 0-0 a6 9. Be3 0-0 10. Qc2 Bd7 11. Rad1 Ne5 12. Nf3 Nfg4 13. Bf4 Qc7 14. b3 Rac8 15. h3 Nxf3+ 16. Bxf3 Ne5 17. Be2 Rfd8 18. Rc1 Bf6 19. Qd2 h6 20. Rfd1 Be8 21. Qb2 Kh8 0-1